| 000 | 00619nam a22002057a 4500 | ||
|---|---|---|---|
| 999 |
_c524579 _d524579 |
||
| 003 | NUST | ||
| 005 | 20190624065950.0 | ||
| 008 | 190624b ||||| |||| 00| 0 eng d | ||
| 020 | _a978-969-9906-00-8 | ||
| 038 | _awaseem | ||
| 082 |
_a920 _bYUS |
||
| 100 |
_aFehmida Shuakat Yusaf _915382 |
||
| 245 |
_aYadood ki guzar gah ka khushgawar safar / _cFehmida Shuakat Yusaf |
||
| 260 |
_aLahore : _bjjm , _c2013. |
||
| 300 | _a360 p. ; | ||
| 500 | _aHardcover. | ||
| 880 |
_6100-01\r _aفہمیدہ شوکت یوسف |
||
| 880 |
_6245-02\r _aیادوں کی گزرگاہ کا خوشگوار سفر |
||
| 942 |
_2ddc _cBK |
||